|
|
|
|
| LEADER |
00000nam2a2200000 4500 |
| 001 |
273358 |
| 005 |
20231101234625.0 |
| 035 |
|
|
|a (RuTPU)RU\TPU\book\296567
|
| 035 |
|
|
|a RU\TPU\book\278083
|
| 090 |
|
|
|a 273358
|
| 100 |
|
|
|a 20141024d1987 k y0rusy50 ca
|
| 101 |
0 |
|
|a rus
|
| 102 |
|
|
|a RU
|
| 105 |
|
|
|a a z 001zy
|
| 200 |
0 |
|
|a № 36
|f под ред. Ю. В. Арошидзе
|
| 210 |
|
|
|d 1987
|
| 215 |
|
|
|a 127 с.
|c ил.
|
| 320 |
|
|
|a Библиогр. в конце ст.
|
| 461 |
|
1 |
|0 (RuTPU)RU\TPU\book\287107
|t Электросила. Опыт Ленинградского производственного электромашиностроительного объединения "Электросила" по проектированию, расчетам, исследованиям и технологии производства электрических машин и низковольтной аппаратуры
|o сборник
|f Электросила
|v № 36
|d 1944-1991
|
| 606 |
1 |
|
|a Электромашиностроение
|2 stltpush
|3 (RuTPU)RU\TPU\subj\20216
|9 45332
|
| 610 |
1 |
|
|a электрические аппараты
|
| 610 |
1 |
|
|a электроприводы
|
| 610 |
1 |
|
|a САПР
|
| 610 |
1 |
|
|a системы автоматического проектирования
|
| 610 |
1 |
|
|a АСУ
|
| 610 |
1 |
|
|a автоматизированные системы управления
|
| 610 |
1 |
|
|a материаловедение
|
| 610 |
1 |
|
|a производственные объединения
|
| 610 |
1 |
|
|a опыт
|
| 675 |
|
|
|a 621.313.002
|v 3
|
| 702 |
|
1 |
|a Арошидзе
|b Ю. В.
|4 340
|
| 801 |
|
1 |
|a RU
|b 63413507
|c 20140329
|
| 801 |
|
2 |
|a RU
|b 63413507
|c 20151109
|g RCR
|
| 942 |
|
|
|c BK
|